2009 Mosby's Nursing Drug Reference, (Record no. 6475)

MARC details
005 - DATE AND TIME OF LATEST TRANSACTION
control field 20250630115403.0
020 ## - INTERNATIONAL STANDARD BOOK NUMBER
International Standard Book Number 978-0-323=04702-9
082 ## - DEWEY DECIMAL CLASSIFICATION NUMBER
Classification number 615.03 SKI
245 ## - TITLE STATEMENT
Title 2009 Mosby's Nursing Drug Reference,
300 ## - PHYSICAL DESCRIPTION
Extent xii, 1290p,: ill.; figure picture, table
Other physical details Index
Dimensions 19.4cm
942 ## - ADDED ENTRY ELEMENTS (KOHA)
Source of classification or shelving scheme Dewey Decimal Classification
Koha item type Books
Holdings
Date last seen Total checkouts Full call number Barcode Cost, replacement price Price effective from Koha item type Lost status Source of classification or shelving scheme Damaged status Not for loan Withdrawn status Home library Current library Date acquired Cost, normal purchase price
06/30/2025   615.03 SKI DOM0004564 90000.00 06/30/2025 Books   Dewey Decimal Classification       CBE Dodoma CBE Dodoma 06/30/2010 30000.00
06/30/2025   615.03 SKI DOM0004565 90000.00 06/30/2025 Books   Dewey Decimal Classification       CBE Dodoma CBE Dodoma 06/30/2010 30000.00